| 000 | 01887nam0a2200289 4500 | ||
|---|---|---|---|
| 001 | RU\NLR\bibl\1468568 | ||
| 005 | 20250616001230.0 | ||
| 021 |
_aRU _b2009-99807 _96337 |
||
| 035 | _a(NLR Aleph) 001460281 | ||
| 090 |
_a1578949 _c1578949 |
||
| 100 | _a20100203d2009 |||y0rusy50 ca | ||
| 101 | 0 | _arus | |
| 102 | _aRU | ||
| 105 | _aa ||||||||| | ||
| 200 | 1 |
_aОрганизация производственных процессов на станциях технического обслуживания автомобилей _eучебно-методическое пособие для студентов всех форм обучения специальности 190603 "Сервис транспортных, технологических машин и оборудования (автомобильный транспорт)" _fР.В. Саванчук, И.Н. Быстрова _gФедер. агентство по образованию, Гос. образоват. учреждение высш. проф. образования "Юж.-Рос. гос. ун-т экономики и сервиса" (ГОУ ВПО "ЮРГУЭС") |
|
| 210 |
_aШахты _cГОУ ВПО "ЮРГУЭС" _d2009 |
||
| 215 |
_a67 с. _cил. _d21 |
||
| 320 | _aБиблиогр.: с. 49 (10 назв.) | ||
| 606 | 1 |
_aСтанции технического обслуживания автомобилей _jУчебно-методические пособия для высших учебных заведений _xОрганизация работы _91689307 _3RU\NLR\auth\661049308 |
|
| 686 | _aО33-082.05-6я73-1 | ||
| 700 | 1 |
_aСаванчук _bР. В. _gРимма Васильевна _4070 |
|
| 701 | 1 |
_aБыстрова _bИ. Н. _gИнна Николаевна _4070 |
|
| 801 | 0 |
_aRU _bNLR _c20100203 _gRCR |
|
| 801 | 1 |
_aRU _bNLR _c20100203 |
|
| 942 | _cBOOK | ||
| 980 | _aNB | ||